[Event "Slow mode"]
[Site "SchemingMind.com"]
[Date "2011.02.15"]
[Round "-"]
[White "Olli Ylönen"]
[Black "Majoanis"]
[Result "1-0"]
[WhiteCountry "FIN"]
[BlackCountry "CAN"]
[WhiteElo "1669"]
[WhiteRD "50"]
[BlackElo "1656"]
[BlackRD "75"]
[GameID "275730"]

1. e4 c5 2. Nf3 Nc6 3. d4 cxd4 4. Nxd4 e5 5. Nb5 d6 6. c4 a6 7. N5c3 Be7 8. Nd5 Be6 9. Nbc3 Nf6 10. Be2 O-O
11. Nxf6+ Bxf6 12. b3 Nd4 13. O-O Rb8 14. Re1 b5 15. cxb5 axb5 16. Ba3 b4 17. Bxb4 Rxb4 18. Rc1 Bg5 19. Rb1 f5 20. exf5 Bxf5
21. Rb2 Qc7 22. Nd5
1-0

[Event "Slow mode"]
[Site "SchemingMind.com"]
[Date "2011.02.14"]
[Round "-"]
[White "Majoanis"]
[Black "Olli Ylönen"]
[Result "1/2-1/2"]
[WhiteCountry "CAN"]
[BlackCountry "FIN"]
[WhiteElo "1656"]
[WhiteRD "75"]
[BlackElo "1669"]
[BlackRD "50"]
[GameID "275731"]

1. c4 Nf6 2. Nc3 g6 3. e4 e5 4. Nf3 Bg7 5. Be2 O-O 6. O-O Re8 7. Re1 c6 8. Bf1 d5 9. cxd5 cxd5 10. exd5 Nxd5
11. Qa4 Nc6 12. Nxd5 Qxd5 13. d4 Bd7 14. Qb5 Qxb5 15. Bxb5 exd4 16. Rxe8+ Rxe8 17. Bf4 d3 18. Bxd3 Bxb2 19. Rb1 Bd4 20. Nxd4 Nxd4
21. Be3 Nf5 22. Bxf5 Bxf5 23. Rxb7 Rd8 24. h3 Rd7 25. Rxa7 Rxa7=
1/2-1/2

[Event "Slow mode"]
[Site "SchemingMind.com"]
[Date "2011.02.15"]
[Round "-"]
[White "keen"]
[Black "Majoanis"]
[Result "1-0"]
[WhiteCountry "SCO"]
[BlackCountry "CAN"]
[WhiteElo "1696"]
[WhiteRD "57"]
[BlackElo "1447"]
[BlackRD "95"]
[GameID "275799"]

1. f4 f5 2. e4 fxe4 3. d3 Nf6 4. dxe4 Nxe4 5. Bc4 Nf6 6. Nc3 Nc6 7. Nf3 e6 8. Qe2 Be7 9. Be3 O-O 10. O-O-O b6
11. f5
1-0

[Event "Slow mode"]
[Site "SchemingMind.com"]
[Date "2011.02.14"]
[Round "-"]
[White "keen"]
[Black "Olli Ylönen"]
[Result "1-0"]
[WhiteCountry "SCO"]
[BlackCountry "FIN"]
[WhiteElo "1696"]
[WhiteRD "57"]
[BlackElo "1640"]
[BlackRD "55"]
[GameID "275800"]

1. e4 e6 2. d4 d5 3. Nc3 Bb4 4. e5 c5 5. Bd2 Ne7 6. Nb5 Bxd2+ 7. Qxd2 O-O 8. O-O-O Nbc6 9. dxc5 Nxe5 10. Nh3 a6
11. Nd6 b5 12. f4 Nc4 13. Nxc4 bxc4 14. Bxc4 Bb7 15. Bd3 Qc7 16. Qf2 a5 17. Bxh7+ Kh8 18. Qh4 g6 19. Bxg6+ Kg7 20. Bd3 Ng6
21. Qg3 Qxc5 22. Rhf1 Rg8 23. f5 exf5 24. Rxf5 Bc8 25. Rg5 Ra6 26. Nf4
1-0

[Event "Slow mode"]
[Site "SchemingMind.com"]
[Date "2011.02.16"]
[Round "-"]
[White "Majoanis"]
[Black "keen"]
[Result "1-0"]
[WhiteCountry "CAN"]
[BlackCountry "SCO"]
[WhiteElo "1624"]
[WhiteRD "82"]
[BlackElo "1691"]
[BlackRD "60"]
[GameID "275801"]

1. c4 Nf6 2. d4 e6 3. Nc3 Bb4 4. e3 b6 5. Ne2 Ba6 6. Ng3 Bxc3+ 7. bxc3 d5 8. Ba3 Bxc4 9. Bxc4 dxc4 10. O-O Nd5
11. Ne2 Nd7 12. Qa4 f6 13. Qc6 Kf7 14. Qxc4 Re8 15. e4 Ne7 16. Nf4 Ng6 17. Nxg6 hxg6 18. f4 Rh8 19. f5 gxf5 20. exf5 Qe8
21. Rae1 Nf8 22. Bxf8 Kxf8 23. Rxe6 Qh5 24. Qxc7 Re8 25. Qd6+ Kg8 26. Rxe8+ Kh7 27. Rxh8+ Kxh8 28. Qf8+ Kh7 29. Rf3
1-0

[Event "Slow mode"]
[Site "SchemingMind.com"]
[Date "2011.02.14"]
[Round "-"]
[White "Olli Ylönen"]
[Black "keen"]
[Result "0-1"]
[WhiteCountry "FIN"]
[BlackCountry "SCO"]
[WhiteElo "1607"]
[WhiteRD "51"]
[BlackElo "1703"]
[BlackRD "56"]
[GameID "275802"]

1. e4 e6 2. d4 d5 3. e5 c5 4. c3 Nc6 5. Nf3 Qb6 6. a3 c4 7. Nbd2 Nge7 8. Bxc4 dxc4 9. Nxc4 Qd8 10. Nd6+ Kd7
11. Nxf7 Qe8 12. Nxh8 g6 13. Nxg6 Qxg6 14. O-O Ke8 15. Nh4 Qf7 16. Qf3 Qxf3 17. Nxf3 Ng6 18. Be3 Nce7 19. c4 b6 20. b4 Bb7
21. Ng5 Nf5 22. Nxh7 Be7 23. Rad1 Kf7 24. Ng5+ Bxg5 25. Bxg5 Rc8 26. c5 Bd5 27. Be3 Ngh4 28. g4 Nf3+ 29. Kh1 Rh8 30. Bf4 Nxh2+
31. Kg1 Nxf1 32. Kxf1 Rh1+ 33. Ke2 Rxd1 34. Kxd1 Nxd4 35. cxb6 axb6 36. Be3 Nb5 37. Bxb6 Nxa3 38. f4 Bf3+ 39. Kd2 Bxg4 40. Kc3 Kg6
41. Be3 Kf5 42. Kd4 Nc2+ 43. Kc5 Nxe3 44. b5 Kxf4 45. Kd6 Nc4+ 46. Kc5 Nxe5 47. b6 Bf3
0-1

[Event "Slow mode"]
[Site "SchemingMind.com"]
[Date "2011.02.16"]
[Round "-"]
[White "ampp"]
[Black "keen"]
[Result "0-1"]
[WhiteCountry "POR"]
[BlackCountry "SCO"]
[WhiteElo "1141"]
[WhiteRD "53"]
[BlackElo "1713"]
[BlackRD "59"]
[GameID "275978"]

1. e4 c5 2. c3 Nc6 3. d4 cxd4 4. cxd4 e6 5. Nf3 g6 6. Bg5 Qc7 7. d5 Bg7 8. Nc3 Ne5 9. Nxe5 Bxe5 10. g3 Bxc3+
11. bxc3 Qxc3+ 12. Bd2 Qd4 13. f3 Nf6 14. dxe6 dxe6 15. Rc1 Ng4 16. fxg4 Qxe4+ 17. Be2 Qxh1+ 18. Kf2 Qxh2+ 19. Kf3 Bd7 20. Bd3 O-O
21. Be4 h5 22. Bxb7 hxg4+ 23. Kxg4 Qh5+ 24. Kf4 Qf5+ 25. Ke3 Rad8 26. Be4 Qe5 27. Be1 Bc6 28. Qf3 Qd4+
0-1

[Event "Slow mode"]
[Site "SchemingMind.com"]
[Date "2011.02.18"]
[Round "-"]
[White "ampp"]
[Black "Majoanis"]
[Result "0-1"]
[WhiteCountry "POR"]
[BlackCountry "CAN"]
[WhiteElo "1172"]
[WhiteRD "52"]
[BlackElo "1624"]
[BlackRD "82"]
[GameID "275979"]

1. e4 e5 2. Nf3 Nc6 3. Nc3 Nf6 4. Bb5 d6 5. d4 exd4 6. Nxd4 Bd7 7. O-O Be7 8. Nxc6 bxc6 9. Ba4 O-O 10. h3 c5
11. Bxd7 Qxd7 12. Nd5 Nxd5 13. exd5 Bf6 14. c3 Rfe8 15. c4 Rab8 16. Rb1 Qf5 17. b3 Qxb1 18. Qd2 Qg6 19. g4 Bd4
0-1

[Event "Slow mode"]
[Site "SchemingMind.com"]
[Date "2011.02.18"]
[Round "-"]
[White "ampp"]
[Black "Olli Ylönen"]
[Result "0-1"]
[WhiteCountry "POR"]
[BlackCountry "FIN"]
[WhiteElo "1180"]
[WhiteRD "56"]
[BlackElo "1640"]
[BlackRD "55"]
[GameID "275980"]

1. e4 e5 2. Nf3 Nf6 3. Nxe5 d6 4. Nf3 Nxe4 5. Qe2 Qe7 6. d3 Nf6 7. Qxe7+ Bxe7 8. Be2 Nc6 9. O-O O-O 10. Nc3 a6
11. a4 Nb4 12. Bd1 Bg4 13. h3 Bxf3 14. gxf3 Nfd5 15. Nxd5 Nxd5 16. c4 Nf6 17. Kg2 d5 18. cxd5 Nxd5 19. Bb3 Nb4 20. Bc4 Bf6
21. Rb1 c6 22. b3 b5 23. axb5 axb5 24. Bd2 bxc4 25. dxc4 c5 26. Bf4 Ra6 27. Rfd1 g5 28. Bd6 Rc8 29. Kg3 Bd4 30. f4 Rxd6
0-1

[Event "Slow mode"]
[Site "SchemingMind.com"]
[Date "2011.02.16"]
[Round "-"]
[White "keen"]
[Black "ampp"]
[Result "1-0"]
[WhiteCountry "SCO"]
[BlackCountry "POR"]
[WhiteElo "1713"]
[WhiteRD "59"]
[BlackElo "1141"]
[BlackRD "53"]
[GameID "275981"]

1. e4 d6 2. d4 Nf6 3. Nc3 g6 4. Nf3 Bg7 5. Be2 O-O 6. O-O Nc6 7. Bg5 Bg4 8. h3 Bxf3 9. Bxf3 e5 10. dxe5 Nxe5
11. Nd5 c6 12. Nxf6+ Bxf6 13. Bh6 Re8 14. c3 Nxf3+ 15. Qxf3 Re5 16. Rad1 d5 17. exd5 Rf5 18. dxc6 bxc6 19. Rxd8+ Rxd8 20. Qxc6
1-0

[Event "Slow mode"]
[Site "SchemingMind.com"]
[Date "2011.02.18"]
[Round "-"]
[White "Majoanis"]
[Black "ampp"]
[Result "1-0"]
[WhiteCountry "CAN"]
[BlackCountry "POR"]
[WhiteElo "1624"]
[WhiteRD "82"]
[BlackElo "1172"]
[BlackRD "52"]
[GameID "275982"]

1. d4 d5 2. c4 Nf6 3. Nf3 e6 4. g3 Bd6 5. Bg2 O-O 6. c5 Be7 7. O-O c6 8. Nc3 Nbd7 9. Bf4 b6 10. b4 bxc5
11. bxc5 h6 12. Rb1 Ne4 13. Qc2 Nxc3 14. Qxc3 Bf6 15. Bd6 Re8 16. e3 Ba6 17. Rfe1 Be7 18. Bxe7 Qxe7 19. Bf1 Bxf1 20. Rxf1 a5
21. Rb7 Reb8 22. Rfb1 Qd8 23. Rxb8 Rxb8 24. Rxb8 Qxb8 25. Qxa5 Qb1+ 26. Kg2 Qb8 27. a4 Nf6 28. Qb6 Qa8 29. a5 Nd7 30. Qc7 Nf6
31. Ne5 Qf8 32. a6 Ne8 33. Qxc6 Qe7 34. Qb7 Nc7 35. a7 Kf8 36. a8=Q+ Nxa8 37. Qxa8+ Qe8 38. Qxe8+ Kxe8 39. c6 f6 40. c7
1-0

[Event "Slow mode"]
[Site "SchemingMind.com"]
[Date "2011.02.18"]
[Round "-"]
[White "Olli Ylönen"]
[Black "ampp"]
[Result "0-1"]
[WhiteCountry "FIN"]
[BlackCountry "POR"]
[WhiteElo "1640"]
[WhiteRD "55"]
[BlackElo "1180"]
[BlackRD "56"]
[GameID "275983"]

1. e4 d6 2. d4 Nf6 3. Nc3 g6 4. Nf3 Bg7 5. Be2 c6 6. a4 a5 7. O-O O-O 8. h3 e5 9. dxe5 dxe5 10. Bg5 Qxd1
11. Raxd1 h6 12. Bxf6 Bxf6 13. Rd2 Nd7 14. Rfd1 Nc5 15. Bc4 b5 16. axb5 cxb5 17. Nxb5 Be7 18. Nxe5 Nxe4 19. Nc7 Nxd2 20. Bxf7+ Rxf7
21. Nxa8 Rf5 22. Nxg6 Nf3+ 23. Kh1 Bf6 24. gxf3 Rxf3 25. Kg2 Bb7
0-1

[Event "Slow mode"]
[Site "SchemingMind.com"]
[Date "2011.02.16"]
[Round "-"]
[White "lumamo"]
[Black "keen"]
[Result "1-0"]
[WhiteCountry "ESP"]
[BlackCountry "SCO"]
[WhiteElo "1656"]
[WhiteRD "94"]
[BlackElo "1696"]
[BlackRD "57"]
[GameID "275998"]

1. e4 c5 2. f4 Nc6 3. Nf3 d6 4. Bb5 Bd7 5. Nc3 a6 6. Bc4 b5 7. Bd5 e6 8. Bxc6 Bxc6 9. O-O Ne7 10. d3 Ng6
11. e5 Be7 12. d4 O-O 13. dxc5 dxc5 14. Be3 Qxd1 15. Raxd1 Rad8 16. a3 h6 17. Nd2 Nh4 18. Nde4 f5 19. exf6 gxf6 20. Bxc5 Kf7
21. g3 Rxd1 22. Rxd1 Bxc5+ 23. Nxc5 Nf3+ 24. Kf2 Ra8 25. Rd6 Re8 26. Rxc6
1-0

[Event "Slow mode"]
[Site "SchemingMind.com"]
[Date "2011.02.17"]
[Round "-"]
[White "lumamo"]
[Black "Majoanis"]
[Result "1-0"]
[WhiteCountry "ESP"]
[BlackCountry "CAN"]
[WhiteElo "1663"]
[WhiteRD "95"]
[BlackElo "1433"]
[BlackRD "97"]
[GameID "275999"]

1. e4 e5 2. f4 d5 3. Qe2 Nc6 4. Nf3 d4 5. fxe5 Bg4 6. c3 Nxe5 7. Qb5+ Nd7 8. Nxd4 Nf6 9. h3 Bh5 10. Qxb7 Ne5
11. Bb5+
1-0

[Event "Slow mode"]
[Site "SchemingMind.com"]
[Date "2011.02.18"]
[Round "-"]
[White "lumamo"]
[Black "Olli Ylönen"]
[Result "0-1"]
[WhiteCountry "ESP"]
[BlackCountry "FIN"]
[WhiteElo "1600"]
[WhiteRD "93"]
[BlackElo "1669"]
[BlackRD "50"]
[GameID "276000"]

1. e4 e5 2. d4 exd4 3. Nf3 Nc6 4. Bc4 Nf6 5. Ng5 d5 6. Bb3 Nxe4 7. Nxf7 Qe7 8. O-O Qxf7 9. Re1 Bf5 10. f3 Qh5
11. Bf4 Bc5 12. Qd3 O-O-O 13. fxe4 dxe4 14. Qg3 d3+ 15. Be3 Bxe3+ 16. Rxe3 Qd1+ 17. Re1 dxc2 18. Nc3 Qd3 19. Qf4 g6 20. Nd5 Rxd5
21. Bxd5 Qxd5 22. Rec1 Nb4 23. Qe3 Qd3 24. Qxa7 Rd8 25. Qa8+ Kd7 26. Qa4+ Kc8 27. Qa8+ Kd7 28. Qa4+ Ke6 29. Qxb4 Qe3+ 30. Kf1 Qd3+
31. Kf2 e3+ 32. Ke1 Qd2+ 33. Qxd2 exd2+ 34. Ke2 d1=Q+ 35. Rxd1 Bg4+ 36. Ke1 Rxd1+
0-1

[Event "Slow mode"]
[Site "SchemingMind.com"]
[Date "2011.02.16"]
[Round "-"]
[White "keen"]
[Black "lumamo"]
[Result "1-0"]
[WhiteCountry "SCO"]
[BlackCountry "ESP"]
[WhiteElo "1696"]
[WhiteRD "57"]
[BlackElo "1656"]
[BlackRD "94"]
[GameID "276002"]

1. e4 e5 2. Nf3 d6 3. d4 Nf6 4. Nc3 Bg4 5. dxe5 Bxf3 6. Qxf3 dxe5 7. Bd3 Bb4 8. Bd2 Nc6 9. O-O-O O-O 10. Be1 Nd4
11. Qf5 Qd6 12. h4 Qc5 13. h5 h6 14. Rh3 Ne6 15. Nd5 Nxd5 16. exd5 Nd4 17. Qh7#
1-0

[Event "Slow mode"]
[Site "SchemingMind.com"]
[Date "2011.02.18"]
[Round "-"]
[White "Majoanis"]
[Black "lumamo"]
[Result "1-0"]
[WhiteCountry "CAN"]
[BlackCountry "ESP"]
[WhiteElo "1624"]
[WhiteRD "82"]
[BlackElo "1626"]
[BlackRD "92"]
[GameID "276003"]

1. d4 Nc6 2. Nf3 Nf6 3. g3 d5 4. Bg2 Bf5 5. O-O Nb4 6. Ne1 h6 7. c4 Be4 8. f3 Bxb1 9. Rxb1 dxc4 10. Qa4+ Nc6
11. Nc2 Qd5 12. e4 Qa5 13. Qxc4 O-O-O 14. b4 Qa4 15. Bf4 a5 16. d5 e5 17. dxc6 exf4 18. cxb7+ Kb8 19. Qa6 axb4 20. Qxa4 Kxb7
21. Nxb4 Bxb4 22. Qxb4+ Kc6 23. Rbc1+ Kd7 24. Bh3+ Ke8 25. Rxc7 Nd7 26. Bxd7+ Rxd7 27. Rxd7 Kxd7 28. Rd1+ Ke6 29. Qd6#
1-0

[Event "Slow mode"]
[Site "SchemingMind.com"]
[Date "2011.02.20"]
[Round "-"]
[White "Olli Ylönen"]
[Black "lumamo"]
[Result "1-0"]
[WhiteCountry "FIN"]
[BlackCountry "ESP"]
[WhiteElo "1642"]
[WhiteRD "51"]
[BlackElo "1626"]
[BlackRD "92"]
[GameID "276004"]

1. e4 e5 2. Nf3 Nc6 3. Bb5 d6 4. d4 Bg4 5. dxe5 a6 6. Bxc6+ bxc6 7. exd6 Bxf3 8. Qxf3 cxd6 9. O-O Nf6 10. Re1 Qd7
11. Nc3 Be7 12. h3 O-O 13. Na4 Rab8 14. b3 Qe6 15. Bb2 Rb4 16. c4 Rfb8 17. e5 dxe5 18. Bxe5 R8b7 19. Bxf6 Qxf6 20. Qxf6 gxf6
21. Re2 Bd6 22. Rae1 Be5 23. Nc5 Ra7 24. Nd3 Rb8 25. Nxe5 fxe5 26. Rxe5 a5 27. Re8+ Rxe8 28. Rxe8+ Kg7 29. Rc8 Ra6 30. Kf1 h5
31. Ke2 Kf6 32. Ke3 Kf5 33. Kd4 a4 34. b4 f6 35. Kc5 Ke5 36. Rxc6
1-0

[Event "Slow mode"]
[Site "SchemingMind.com"]
[Date "2011.02.18"]
[Round "-"]
[White "ampp"]
[Black "lumamo"]
[Result "0-1"]
[WhiteCountry "POR"]
[BlackCountry "ESP"]
[WhiteElo "1254"]
[WhiteRD "57"]
[BlackElo "1663"]
[BlackRD "95"]
[GameID "276005"]

1. e4 e5 2. Nf3 d6 3. Nc3 Nc6 4. Bb5 a6 5. Ba4 b5 6. Bb3 Be6 7. Bxe6 fxe6 8. O-O Nd4 9. d3 Nf6 10. Ne2 Be7
11. Nfxd4 exd4 12. Nxd4 Qd7 13. a3 O-O 14. Qf3 d5 15. exd5 exd5 16. Nf5 Bc5 17. Bg5 Kh8 18. Qh3 Ne8 19. Rfe1 Qxf5 20. Qxf5 Rxf5
21. Be3 Bxe3 22. Rxe3 d4 23. Re4 c5 24. Rae1 Nc7 25. g4 Rf6 26. g5 Rg6 27. f4 h6 28. h4 hxg5 29. fxg5 Kh7 30. Rg4 Re6
31. Rf1 Re2 32. g6+ Kh6 33. Rf7 Nd5 34. Rg5 Rae8 35. Rff5 Ne3 36. Rh5+ Kxg6 37. Rhg5+= Kh7 38. Rf7 Rg8 39. h5 Nxc2
0-1

[Event "Slow mode"]
[Site "SchemingMind.com"]
[Date "2011.02.17"]
[Round "-"]
[White "rickchess"]
[Black "keen"]
[Result "1-0"]
[WhiteCountry "BRA"]
[BlackCountry "SCO"]
[WhiteElo "2045"]
[WhiteRD "163"]
[BlackElo "1703"]
[BlackRD "56"]
[GameID "276028"]

1. d4 Nf6 2. Nf3 e6 3. e3 Be7 4. Bd3 O-O 5. O-O b6 6. e4 Bb7 7. Nc3 d6 8. h3 Nbd7 9. Re1 e5 10. Be3 exd4
11. Nxd4 Nc5 12. Nf5 Nxd3 13. cxd3 Re8 14. Qf3 Qd7 15. Nd5 Nxd5 16. Qg4
1-0

[Event "Slow mode"]
[Site "SchemingMind.com"]
[Date "2011.02.17"]
[Round "-"]
[White "rickchess"]
[Black "Majoanis"]
[Result "1-0"]
[WhiteCountry "BRA"]
[BlackCountry "CAN"]
[WhiteElo "2035"]
[WhiteRD "151"]
[BlackElo "1598"]
[BlackRD "75"]
[GameID "276029"]

1. d4 d5 2. Nf3 Nf6 3. e3 e6 4. Bd3 c5 5. b3 Nc6 6. O-O Be7 7. Bb2 O-O 8. Nbd2 b6 9. Ne5 Bb7 10. f4 Nd7
11. a3 f6 12. Nxc6 Bxc6 13. c4 cxd4 14. exd4 f5 15. Qe2 Rf6 16. Nf3 Nf8 17. Rfe1 Bd6 18. g3 Rg6 19. Ne5 Bxe5 20. Qxe5 Qh4
21. Bf1 dxc4 22. Bg2 Bxg2 23. gxh4 Be4+ 24. Kf1
1-0

[Event "Slow mode"]
[Site "SchemingMind.com"]
[Date "2011.02.20"]
[Round "-"]
[White "rickchess"]
[Black "lumamo"]
[Result "1-0"]
[WhiteCountry "BRA"]
[BlackCountry "ESP"]
[WhiteElo "2001"]
[WhiteRD "158"]
[BlackElo "1600"]
[BlackRD "93"]
[GameID "276030"]

1. d4 Nf6 2. Nf3 d5 3. e3 Nc6 4. Nbd2 Bf5 5. Bb5 a6 6. Bxc6+ bxc6 7. O-O e6 8. c4 c5 9. Qa4+ Qd7 10. Qa5 Bd3
11. Ne5 Qd6 12. Nxd3 cxd4 13. exd4 Be7 14. Qa4+ c6 15. c5 Qc7 16. Nb3 O-O 17. Na5 Rfc8 18. Bf4 Qd7 19. Ne5 Qe8 20. Nexc6 Nh5
21. Nxe7+ Qxe7 22. Bd6 Qf6 23. Nc6 Re8 24. g3 Qg6 25. Ne7+ Rxe7 26. Bxe7 f5 27. Qd7 Nf6 28. Bxf6 Qxf6 29. Rfe1 Qf7 30. Qxe6 Qxe6
31. Rxe6
1-0

[Event "Slow mode"]
[Site "SchemingMind.com"]
[Date "2011.02.21"]
[Round "-"]
[White "rickchess"]
[Black "Olli Ylönen"]
[Result "1/2-1/2"]
[WhiteCountry "BRA"]
[BlackCountry "FIN"]
[WhiteElo "1985"]
[WhiteRD "161"]
[BlackElo "1642"]
[BlackRD "51"]
[GameID "276031"]

1. d4 d5 2. Nf3 Nf6 3. e3 c6 4. c4 e6 5. Nbd2 Nbd7 6. Bd3 Bd6 7. O-O O-O 8. e4 e5 9. cxd5 cxd5 10. exd5 exd4
11. Ne4 Nxe4 12. Bxe4 Nf6 13. Bg5 Be7 14. Bc2 Nxd5 15. Bxe7 Nxe7 16. Qxd4 Qxd4 17. Nxd4=
1/2-1/2

[Event "Slow mode"]
[Site "SchemingMind.com"]
[Date "2011.02.17"]
[Round "-"]
[White "rickchess"]
[Black "ampp"]
[Result "1-0"]
[WhiteCountry "BRA"]
[BlackCountry "POR"]
[WhiteElo "2045"]
[WhiteRD "163"]
[BlackElo "1254"]
[BlackRD "57"]
[GameID "276032"]

1. d4 d5 2. Nf3 Nc6 3. e3 Bg4 4. Bb5 Nf6 5. c4 dxc4 6. Nc3 Bd7 7. Bxc4 e6 8. O-O Bb4 9. a3 Ba5 10. b4 Bb6
11. Bb2 O-O 12. Qc2 a5 13. b5 Na7 14. a4 Re8 15. Bd3 c6 16. Ne5 c5 17. Ne4 cxd4 18. Nxf6+ gxf6 19. Bxh7+ Kf8 20. Nxf7 Kxf7
21. Qg6+
1-0

[Event "Slow mode"]
[Site "SchemingMind.com"]
[Date "2011.02.16"]
[Round "-"]
[White "keen"]
[Black "rickchess"]
[Result "0-1"]
[WhiteCountry "SCO"]
[BlackCountry "BRA"]
[WhiteElo "1703"]
[WhiteRD "56"]
[BlackElo "2045"]
[BlackRD "163"]
[GameID "276033"]

1. e4 c6 2. d4 d5 3. Nc3 dxe4 4. Nxe4 Nd7 5. Nf3 Ngf6 6. Ng3 e6 7. Bd3 c5 8. O-O cxd4 9. Nxd4 Bc5 10. Nb3 Bb6
11. Bg5 h6 12. Bd2 O-O 13. Qc1 Ne5 14. Bxh6 gxh6 15. Qxh6 Nxd3 16. Qg5+ Kh8 17. Qh6+ Nh7 18. Nh5 Rg8 19. Rad1 Qg5 20. Qxg5 Rxg5
21. Rxd3 Rxh5 22. Rfd1 Rd5
0-1

[Event "Slow mode"]
[Site "SchemingMind.com"]
[Date "2011.02.20"]
[Round "-"]
[White "Majoanis"]
[Black "rickchess"]
[Result "0-1"]
[WhiteCountry "CAN"]
[BlackCountry "BRA"]
[WhiteElo "1598"]
[WhiteRD "75"]
[BlackElo "2035"]
[BlackRD "151"]
[GameID "276034"]

1. d4 d5 2. Nf3 Nf6 3. c4 c6 4. Qc2 dxc4 5. Qxc4 Bf5 6. Nc3 e6 7. Qb3 Qb6 8. Qxb6 axb6 9. Bf4 Nbd7 10. e3 Bb4
11. Nd2 O-O 12. a3 Rfe8 13. Rc1 Bxc3 14. Rxc3 Nd5 15. Rc1 Nxf4 16. exf4 b5 17. Be2 Nf6 18. O-O b4 19. axb4 Nd5 20. Bf3 Nxb4
21. Nc4 Bd3 22. Rfe1 Red8
0-1

[Event "Slow mode"]
[Site "SchemingMind.com"]
[Date "2011.02.16"]
[Round "-"]
[White "lumamo"]
[Black "rickchess"]
[Result "0-1"]
[WhiteCountry "ESP"]
[BlackCountry "BRA"]
[WhiteElo "1663"]
[WhiteRD "95"]
[BlackElo "2045"]
[BlackRD "163"]
[GameID "276035"]

1. e4 c6 2. f4 d5 3. exd5 cxd5 4. Nf3 Nc6 5. Bb5 g6 6. O-O Qb6+ 7. Nd4 Qxd4+ 8. Rf2 Nf6 9. c3 Qb6 10. Bxc6+ bxc6
11. d4 Ne4 12. Rf3 Bg4 13. Nd2 Nxd2 14. Qxd2 Bxf3 15. gxf3 c5 16. dxc5 Qxc5+ 17. Kg2 Bh6 18. Qc2 O-O 19. b4 Qc4 20. Qd2 Rfc8
21. Bb2 e5 22. Rd1 Bxf4 23. Qxd5 Qe2+
0-1

[Event "Slow mode"]
[Site "SchemingMind.com"]
[Date "2011.02.16"]
[Round "-"]
[White "ampp"]
[Black "rickchess"]
[Result "0-1"]
[WhiteCountry "POR"]
[BlackCountry "BRA"]
[WhiteElo "1254"]
[WhiteRD "57"]
[BlackElo "2045"]
[BlackRD "163"]
[GameID "276037"]

1. e4 c6 2. d4 d5 3. e5 Bf5 4. Bd3 Bxd3 5. Qxd3 e6 6. Nf3 Qa5+ 7. c3 Qa6 8. Qc2 Nd7 9. a4 Ne7 10. b4 Nf5
11. Nbd2 Be7 12. Bb2 O-O 13. b5 cxb5 14. O-O b4 15. cxb4 Bxb4 16. Bc3 Rac8 17. Nb1 Bxc3 18. Nxc3 Qc4 19. Rfd1 Qxc3
0-1